000 00384nam a22001457a 4500
008 250917b |||||||| |||| 00| 0 eng d
020 _a9781559708654
050 _aHC800.29
_b.B65
100 _aBolton Gilles
245 _aAfrica doesn't matter
260 _aLondon
_bArcade publishing inc
_c2007
300 _avi,350p.
650 _aproverty-Africa
_vEconomic assistance
942 _cBK
999 _c4493
_d4493